| 000 | 00367nam a2200133Ia 4500 | ||
|---|---|---|---|
| 008 | 210430s9999 xx 000 0 und d | ||
| 020 | _a978-81-7758-232-1 | ||
| 082 | _a544 S9684 V | ||
| 100 |
_aG.Svehla _954228 |
||
| 245 |
_aVogel,s Qualitative inorganic analysis _cG.Svehla |
||
| 260 |
_aSouth Asia _bPearson Education _c2009 |
||
| 300 | _a359p. | ||
| 942 |
_cBK _2ddc |
||
| 999 |
_c564715 _d564715 |
||